Crops of the drier regions of the tropics / (Record no. 5693)
[ view plain ]
| 000 -LEADER | |
|---|---|
| fixed length control field | 00858nam a2200301 4500 |
| 001 - CONTROL NUMBER | |
| control field | 1423062 |
| 003 - CONTROL NUMBER IDENTIFIER | |
| control field | 000 |
| 005 - DATE AND TIME OF LATEST TRANSACTION | |
| control field | 20250507111714.0 |
| 007 - PHYSICAL DESCRIPTION FIXED FIELD--GENERAL INFORMATION | |
| fixed length control field | 000 |
| 008 - FIXED-LENGTH DATA ELEMENTS--GENERAL INFORMATION | |
| fixed length control field | 000 |
| 010 ## - LIBRARY OF CONGRESS CONTROL NUMBER | |
| LC control number | 84000864 |
| 020 ## - INTERNATIONAL STANDARD BOOK NUMBER | |
| International Standard Book Number | 058277506X (pbk.) |
| 040 ## - CATALOGING SOURCE | |
| Original cataloging agency | UOEL |
| Transcribing agency | DLC |
| Modifying agency | DLC |
| -- | OCoLC |
| 043 ## - GEOGRAPHIC AREA CODE | |
| Geographic area code | w------ |
| 050 00 - LIBRARY OF CONGRESS CALL NUMBER | |
| Classification number | SB111 |
| Item number | .G53 1985 |
| 082 00 - DEWEY DECIMAL CLASSIFICATION NUMBER | |
| Classification number | 631/.0915/4 |
| Edition number | 19 |
| 100 1# - MAIN ENTRY--PERSONAL NAME | |
| Personal name | Gibbon, David P. |
| 245 10 - TITLE STATEMENT | |
| Title | Crops of the drier regions of the tropics / |
| Statement of responsibility, etc. | David Gibbon, Adam Pain. |
| 260 ## - PUBLICATION, DISTRIBUTION, ETC. (IMPRINT) | |
| Place of publication, distribution, etc. | London ; |
| -- | New York : |
| Name of publisher, distributor, etc. | Longman, |
| Date of publication, distribution, etc. | 1985. |
| 300 ## - PHYSICAL DESCRIPTION | |
| Extent | x, 157 p. : |
| Other physical details | ill. ; |
| Dimensions | 22 cm. |
| 440 #0 - SERIES STATEMENT/ADDED ENTRY--TITLE | |
| Title | Intermediate tropical agriculture series |
| 504 ## - BIBLIOGRAPHY, ETC. NOTE | |
| Bibliography, etc | Includes bibliographies and index. |
| 650 #0 - SUBJECT ADDED ENTRY--TOPICAL TERM | |
| Topical term or geographic name as entry element | Tropical crops. |
| Topical term or geographic name as entry element | Arid regions agriculture |
| Geographic subdivision | Tropics. |
| 700 1# - ADDED ENTRY--PERSONAL NAME | |
| Personal name | Pain, Adam. |
| 906 ## - LOCAL DATA ELEMENT F, LDF (RLIN) | |
| a | 7 |
| b | cbc |
| c | orignew |
| d | 1 |
| e | ocip |
| f | 19 |
| g | y-gencatlg |
| 942 ## - ADDED ENTRY ELEMENTS (KOHA) | |
| Source of classification or shelving scheme | Library of Congress Classification |
| Koha item type | BOOK |
| Withdrawn status | Lost status | Source of classification or shelving scheme | Damaged status | Not for loan | Home library | Current library | Shelving location | Date acquired | Total Checkouts | Full call number | Barcode | Date last seen | Copy number | Price effective from | Koha item type |
|---|---|---|---|---|---|---|---|---|---|---|---|---|---|---|---|
| Library of Congress Classification | UOE Main Library | UOE Main Library | Open shelf | 20/04/2015 | SB111 .G53 1985 | 10014740 | 27/04/2026 | 10014740 | 20/04/2015 | Loan - Normal on open shelf | |||||
| Library of Congress Classification | UOE Main Library | UOE Main Library | Open shelf | 20/04/2015 | SB111 .G53 1985 | 10050775 | 27/04/2026 | 10050775 | 20/04/2015 | Loan - Normal on open shelf | |||||
| Library of Congress Classification | UOE Main Library | UOE Main Library | Open shelf | 20/04/2015 | SB111 .G53 1985 | 10055140 | 27/04/2026 | 10055140 | 20/04/2015 | Loan - Normal on open shelf | |||||
| Library of Congress Classification | UOE Main Library | UOE Main Library | Open shelf | 20/04/2015 | SB111 .G53 1985 | 10050773 | 27/04/2026 | 10050773 | 20/04/2015 | Loan - Normal on open shelf | |||||
| Library of Congress Classification | UOE Main Library | UOE Main Library | Open shelf | 07/05/2025 | SB111 .G53 1985 | 10050774 | 27/04/2026 | 10050774 | 07/05/2025 | Loan - Normal on open shelf |
